The success and failure of Picaso

में बचाया:
ग्रंथसूची विवरण
मुख्य लेखक: Berger, John
स्वरूप: पुस्तक
भाषा:Undetermined
प्रकाशित: New York Vintage Books 1965
टैग : टैग जोड़ें
कोई टैग नहीं, इस रिकॉर्ड को टैग करने वाले पहले व्यक्ति बनें!
Thư viện lưu trữ: Trung tâm Học liệu Trường Đại học Cần Thơ
LEADER 00442nam a2200169Ia 4500
001 CTU_83920
008 210402s9999 xx 000 0 und d
082 |a 759.6 
082 |b B496 
100 |a Berger, John 
245 4 |a The success and failure of Picaso 
245 0 |c John Berger 
260 |a New York 
260 |b Vintage Books 
260 |c 1965 
904 |i Mai Loan, QHieu 
980 |a Trung tâm Học liệu Trường Đại học Cần Thơ